Railways and energy / (Record no. 542957)

000 -LEADER
fixed length control field 00630cam a2200193 a 4500
020 ## - INTERNATIONAL STANDARD BOOK NUMBER
International Standard Book Number 0821303457 (pbk.)
082 00 - DEWEY DECIMAL CLASSIFICATION NUMBER
Classification number 385.1
Author Mark ALS
-- D
100 1# - MAIN ENTRY--PERSONAL NAME
Personal name Alston, Liviu L.
9 (RLIN) 38344
245 10 - TITLE STATEMENT
Title Railways and energy /
Statement of responsibility, etc. Liviu L. Alston.
260 ## - PUBLICATION, DISTRIBUTION, ETC.
Place of publication, distribution, etc. Washington, D.C., U.S.A. :
Name of publisher, distributor, etc. World Bank,
Date of publication, distribution, etc. 1984
300 ## - PHYSICAL DESCRIPTION
Extent 80 p. :
Other physical details ill. ;
Dimensions 27 cm.
490 1# - SERIES STATEMENT
Series statement World Bank staff working papers ;
500 ## - GENERAL NOTE
General note Includes abstracts in French and Spanish.
526 ## - STUDY PROGRAM INFORMATION NOTE
Program name 0
Interest level 0
Reading level 0
Title point value 385_100000000000000_ALS
650 #0 - SUBJECT ADDED ENTRY--TOPICAL TERM
Topical term or geographic name entry element MCE
9 (RLIN) 379
650 #0 - SUBJECT ADDED ENTRY--TOPICAL TERM
Topical term or geographic name entry element Railroads
General subdivision Electrification.
9 (RLIN) 38345
650 #0 - SUBJECT ADDED ENTRY--TOPICAL TERM
Topical term or geographic name entry element Railroads
General subdivision Energy consumption.
9 (RLIN) 38346
942 ## - ADDED ENTRY ELEMENTS (KOHA)
Source of classification or shelving scheme
Koha item type Book
Holdings
Withdrawn status Lost status Source of classification or shelving scheme Damaged status Not for loan Permanent Location Current Location Date acquired Total Checkouts Full call number Barcode Date last seen Price effective from Koha item type
          Military College of Engineering (MCE) Military College of Engineering (MCE) 02/26/2014   385.1 ALS MCE-43218 02/26/2014 02/26/2014 Book
© 2023 Central Library, National University of Sciences and Technology. All Rights Reserved.